000 00431cam a22001217a 4500
008 180718bn.d. xxu||||| |||| 00| 0 eng d
082 _aA81x54 In2/81/7/Pt10D
100 _aCensus of India 1981
245 _aHimachal Pradesh: handicraft survey report - art of spinning and weaving
260 _aDelhi
_bThe Controller of Publications
_cn.d.
300 _a240+p.
440 _aCensus of India 1981. Series-7, Himachal Pradesh. Part-X D
999 _c482734
_d482734